000 00606nam a2200217Ia 4500
003 OSt
005 20220928135426.0
006 a|||||r|||| 00| 0
007 ta
008 220927b |||||||| |||| 00| 0 eng d
024 _a2071
037 _cTextual
040 _aSDCL
_cSDCL
_beng
041 _2eng
_aeng
082 _aO-,1K31,2:g, L5
100 _aMickeon Michael
_9490552
245 0 _aPolitics and poetry in restoration England
_b The case of Dryden's Annus Mirabilis
260 _c1975
942 _hO-,1K31,2:g, L5
_cTEXL
_2CC
999 _c805882
_d805882